Encyklopedie pro školáky /
Uloženo v:
| Hlavní autor: | |
|---|---|
| Další autoři: | |
| Médium: | Kouzelné čtení |
| Jazyk: | Czech |
| Vydáno: |
Praha :
Albi,
2019
|
| Edice: | Kouzelné čtení s elektronickou tužkou
|
| Témata: | |
| Celkem bylo vypůjčeno: | 24x |
| Tagy: |
Žádné tagy |
| LEADER | 02296nam a2200529 i 4500 | ||
|---|---|---|---|
| 001 | 92517 | ||
| 003 | CZ PrNK | ||
| 005 | 20241108085237.0 | ||
| 007 | ta | ||
| 008 | 191213s2019 xr ab b e 000 0 cze | ||
| 015 | |a cnb003164710 | ||
| 999 | |c 92517 |d 92517 | ||
| 020 | |a 9788088317050 |q (vázáno) | ||
| 040 | |a BOA001 |b cze |d ABA001 |e rda | ||
| 072 | 7 | |a 373.2/.3 |x Předškolní a primární výchova a vzdělávání |2 Konspekt |9 22 | |
| 072 | 7 | |a 0/9-053.2 |x Literatura pro děti a mládež (naučná) |2 Konspekt |9 26 | |
| 080 | |a 0/9 |2 MRF | ||
| 080 | |a (031) |2 MRF | ||
| 080 | |a (02)004.031.42 |2 MRF | ||
| 080 | |a (0.053.2) |2 MRF | ||
| 100 | 1 | |a Kubecová, Anna Aňos, |d 1987- |7 mzk20191059564 |4 ill |9 110831 | |
| 245 | 1 | 0 | |a Encyklopedie pro školáky / |c ilustrace: Anna Aňos Kubecová ; text: Dagmar Jandová |
| 246 | 3 | |i Obálkový podnázev: |a Interaktivní mluvící encyklopedie | |
| 264 | 1 | |a Praha : |b Albi, |c 2019 | |
| 300 | |a 35 stran : |b barevné ilustrace, 1 mapa ; |c 33 cm | ||
| 336 | |a text |b txt |2 rdacontent | ||
| 337 | |a bez média |b n |2 rdamedia | ||
| 338 | |a svazek |b nc |2 rdacarrier | ||
| 490 | 1 | |a Kouzelné čtení | |
| 500 | |a "Tato kniha funguje pouze s elektronickou Albi tužkou. Albi tužka není součástí tohoto balení!"--4. strana obálky | ||
| 500 | |a Audio soubory potřebné k správnému fungování elektronické tužky jsou zdarma dostupné na www.kouzelnecteni.cz | ||
| 521 | 8 | |a Určeno pro děti ve věku 6-12 let | |
| 650 | 0 | 7 | |a všeobecné znalosti |7 ph127322 |2 czenas |9 1581 |
| 650 | 0 | 7 | |a všeobecnosti a zajímavosti |7 ph116736 |2 czenas |9 1423 |
| 650 | 0 | 9 | |a general knowledge |2 eczenas |
| 650 | 0 | 9 | |a facts and features |2 eczenas |
| 655 | 7 | |a encyklopedie |7 fd132201 |2 czenas |9 53573 | |
| 655 | 7 | |a interaktivní mluvící knihy |7 fd935306 |2 czenas |9 55138 | |
| 655 | 7 | |a publikace pro děti |7 fd133156 |2 czenas |9 23 | |
| 655 | 9 | |a encyclopedias |2 eczenas | |
| 655 | 9 | |a interactive talking books |2 eczenas | |
| 655 | 9 | |a children's literature |2 eczenas | |
| 700 | 1 | |a Jandová, Dagmar, |d 1944- |7 jk01050895 |4 aut |9 110832 | |
| 830 | 0 | |a Kouzelné čtení s elektronickou tužkou | |
| 910 | |a UOG502 | ||
| 942 | |2 ddc |c KN | ||
| 993 | |0 0 |1 421180092939 |2 ddc |4 0 |7 0 |9 79999 |b 0 |c 92939 |d 2020-02-28 |e 24 |f M |h 699.00 |i Koupě |l M |m 10 |q 2026-05-19 |r 2026-04-07 |s 2026-04-07 |t 7 |w 2020-02-28 |y KC |z KC | ||